| 000 | 01276nam a22002777a 4500 | ||
|---|---|---|---|
| 003 | OSt | ||
| 005 | 20221125123040.0 | ||
| 007 | cr ||||||a|c|a | ||
| 008 | 221122s2021 mx a|||fom||| 001 0 spa d | ||
| 040 | _erda | ||
| 100 | 1 |
_9185679 _aLópez Aguilar, Crisóforo |
|
| 245 | 1 |
_aAnálisis del sistema de suspensión de remolque agrícola, sometido a cargas de impacto y a estado tensional triaxial / _cpor Crisóforo López Aguilar, director de tesis María Victoria Gómez Águila. |
|
| 264 | 1 |
_aChapingo, México : _bEl autor, _c2021. |
|
| 300 |
_a1 recurso en línea (64 páginas). _bcuadros, figuras. |
||
| 336 |
_2rdacontent _atexto _btxt |
||
| 337 |
_2rdamedia _acomputadora _bc |
||
| 338 |
_2rdacarrier _arecurso en línea _bcr |
||
| 502 |
_bIMAg _cMecánica _d2021. _gLIC |
||
| 504 | _aIncluye referencias bibliográficas: páginas 53-55. | ||
| 650 | 4 |
_9185708 _aMuelles _xDiseño y construcción |
|
| 650 | 4 |
_9131548 _aTransporte de carga _xMedidas de seguridad _xTecnología mecánica |
|
| 650 | 4 |
_992035 _aProductos agrícolas _xTransporte |
|
| 700 | 1 |
_9185726 _aGómez Águila, María Victoria _eDirector de tesis. |
|
| 856 |
_uhttp://10.13.5.2/tesis/tl/2021_MA_Lopez_Aguilar_Crisoforo.pdf _zDESCARGAR PDF |
||
| 942 |
_2Clasificación Universidad Autónoma Chapingo _cTD |
||
| 999 |
_c217849 _d217849 |
||